[Event "10th Open"]
[Site "Dubai UAE"]
[Date "2008.04.06"]
[Round "1"]
[White "Guseinov, G."]
[Black "Natarajan, C."]
[Result "1-0"]
[WhiteElo "2625"]
[BlackElo "2241"]
[PlyCount "37"]
[EventDate "2008.04.07"]

1. e4 e6 2. Nc3 d5 3. Nf3 dxe4 4. Nxe4 Be7 5. d4 Nf6 6. Nxf6+ Bxf6 7. c3 b6 8.
Bb5+ Bd7 9. Bd3 Bc6 10. O-O Nd7 11. Bf4 Qc8 12. Qe2 a6 13. Ne5 Bxe5 14. dxe5
Nf8 15. Rfd1 Ng6 16. Bg5 Qb7 17. Bxa6 Qa7 18. Bb5 Qb7 19. Qe4 1-0

[Event "10th Open"]
[Site "Dubai UAE"]
[Date "2008.04.06"]
[Round "1"]
[White "Smokina, K."]
[Black "Gelashvili, T."]
[Result "0-1"]
[WhiteElo "2234"]
[BlackElo "2622"]
[PlyCount "168"]
[EventDate "2008.04.07"]

1. d4 Nf6 2. c4 e6 3. Nf3 Bb4+ 4. Bd2 a5 5. Qc2 d6 6. g3 O-O 7. Bg2 Nc6 8. a3
Bxd2+ 9. Nbxd2 a4 10. O-O e5 11. d5 Ne7 12. b4 axb3 13. Nxb3 Bd7 14. c5 Nexd5
15. Ng5 Bc6 16. Rfd1 Ne7 17. cxd6 cxd6 18. Ne4 Nxe4 19. Bxe4 Bxe4 20. Qxe4 Qb6
21. Nd2 f5 22. Qh4 Rf6 23. Rab1 Qa6 24. Qc4+ d5 25. Qc7 Re6 26. Nf3 h6 27. e3
Qc6 28. Rxb7 Qxc7 29. Rxc7 Rxa3 30. Kg2 Ra2 31. Rb1 d4 32. exd4 e4 33. Ne1 Nd5
34. Rc2 Ra4 35. Rd2 f4 36. gxf4 Nxf4+ 37. Kf1 Rd6 38. Nc2 Ra2 39. Rbd1 Ra5 40.
Re1 Re6 41. f3 exf3 42. Rxe6 Nxe6 43. d5 Nc5 44. d6 Ra2 45. Ke1 Rb2 46. Ne3 Rb3
47. Nd1 Nd3+ 48. Kf1 Kf7 49. Kg1 Ke8 50. h3 g5 51. Kh2 Nf4 52. Nf2 Re3 53. d7+
Kd8 54. Rd6 h5 55. Kg3 Ne2+ 56. Kh2 Re5 57. Rd3 Rf5 58. Kh1 Ng3+ 59. Kg1 Rf4
60. Rd5 Ne2+ 61. Kf1 g4 62. hxg4 hxg4 63. Nxg4 Rxg4 64. Kf2 Rf4 65. Rd6 Nd4 66.
Rd5 Ne6 67. Kf1 Rd4 68. Rf5 Rd3 69. Kf2 Nd4 70. Rf7 Ra3 71. Rf4 Rd3 72. Rf7 Kc7
73. Kg3 Rd2 74. Kf4 Re2 75. Kg3 Kd8 76. Rf4 Rd2 77. Rf7 Rg2+ 78. Kf4 Rg7 79.
Rf8+ Kxd7 80. Ke3 Rg4 81. Rf6 Ke7 82. Ra6 Kf7 83. Rb6 Kg7 84. Ra6 Rg2 0-1

[Event "10th Open"]
[Site "Dubai UAE"]
[Date "2008.04.06"]
[Round "1"]
[White "Meera, S."]
[Black "Ghaem Maghami, E."]
[Result "0-1"]
[WhiteElo "2227"]
[BlackElo "2604"]
[PlyCount "42"]
[EventDate "2008.04.07"]

1. e4 c5 2. Nf3 d6 3. d4 cxd4 4. Nxd4 Nf6 5. Nc3 a6 6. f4 Qc7 7. a4 g6 8. Be2
Bg7 9. O-O O-O 10. Kh1 Nc6 11. Be3 Bd7 12. Nxc6 bxc6 13. a5 c5 14. Bc4 Bc6 15.
Qd3 Qb7 16. Ra3 e6 17. Rb3 Qc7 18. Rb6 Rfb8 19. Rxb8+ Rxb8 20. Bxa6 Rxb2 21.
Ra1 Nxe4 0-1

[Event "10th Open"]
[Site "Dubai UAE"]
[Date "2008.04.06"]
[Round "1"]
[White "Soozankar, A."]
[Black "Arutinian, D."]
[Result "1/2-1/2"]
[WhiteElo "2221"]
[BlackElo "2593"]
[PlyCount "27"]
[EventDate "2008.04.07"]

1. e4 c5 2. Nf3 Nc6 3. d4 cxd4 4. Nxd4 g6 5. Nc3 Bg7 6. Be3 Nf6 7. Bc4 O-O 8.
Bb3 Ng4 9. Qxg4 Nxd4 10. Qh4 d6 11. O-O Re8 12. Rad1 Nxb3 13. axb3 Be6 14. f4
1/2-1/2

[Event "10th Open"]
[Site "Dubai UAE"]
[Date "2008.04.06"]
[Round "1"]
[White "Drozdovskij, Y."]
[Black "Narayanan, Sr"]
[Result "1-0"]
[WhiteElo "2581"]
[BlackElo "2220"]
[PlyCount "39"]
[EventDate "2008.04.07"]

1. d4 Nf6 2. c4 g6 3. Nf3 Bg7 4. g3 O-O 5. Bg2 d6 6. O-O c6 7. Nc3 Qb6 8. h3
Qa6 9. Nd2 e5 10. d5 cxd5 11. cxd5 Nbd7 12. a4 Ne8 13. e4 Nc7 14. Re1 b5 15.
axb5 Qb7 16. Bf1 a6 17. Nc4 Nxb5 18. Nxb5 Qxb5 19. Nxd6 Qb4 20. Nc4 1-0

[Event "10th Open"]
[Site "Dubai UAE"]
[Date "2008.04.06"]
[Round "1"]
[White "Schmid, St"]
[Black "Li Chao2"]
[Result "0-1"]
[WhiteElo "2206"]
[BlackElo "2582"]
[PlyCount "60"]
[EventDate "2008.04.07"]

1. Nf3 Nf6 2. d4 g6 3. g3 Bg7 4. Bg2 d5 5. O-O O-O 6. c4 dxc4 7. Ne5 Ne8 8. Na3
c5 9. Naxc4 cxd4 10. Bf4 Na6 11. Rc1 Nc5 12. Nd3 Ne6 13. Be5 f6 14. Bf4 Nxf4
15. Nxf4 e5 16. Nd3 Qe7 17. Qa4 Bg4 18. Rfe1 Bh6 19. f4 Kh8 20. Nb6 Rd8 21. Nd5
Qf7 22. e4 dxe3 23. Nxe3 Be6 24. Nc5 Bc8 25. Rcd1 Ng7 26. Nd5 b6 27. Nb3 Bg4
28. fxe5 Bxd1 29. exf6 Rxd5 30. Re7 Qxf6 0-1

[Event "10th Open"]
[Site "Dubai UAE"]
[Date "2008.04.06"]
[Round "1"]
[White "Adly, A."]
[Black "Ramnath, B."]
[Result "1-0"]
[WhiteElo "2578"]
[BlackElo "2204"]
[PlyCount "87"]
[EventDate "2008.04.07"]

1. Nf3 Nf6 2. d4 g6 3. Bg5 Bg7 4. Nbd2 d6 5. e4 Nbd7 6. Bc4 e5 7. dxe5 dxe5 8.
h3 Qe7 9. O-O O-O 10. Qe2 h6 11. Be3 Nc5 12. b4 Ncxe4 13. Nxe4 Nxe4 14. Bxh6
Bxh6 15. Qxe4 Bf5 16. Qe2 Bg7 17. Rad1 Rae8 18. a3 Kh8 19. Rfe1 c6 20. Bb3 Bc8
21. Rd4 Bf6 22. Qd2 Kg7 23. Rde4 Bf5 24. R4e2 Qc7 25. g4 e4 26. gxf5 Rd8 27.
Qe3 exf3 28. Qxf3 Rd4 29. Re4 Rfd8 30. fxg6 fxg6 31. Re7+ Bxe7 32. Qf7+ Kh6 33.
Rxe7 Qf4 34. Qg7+ Kg5 35. Re5+ Qxe5 36. Qxe5+ Kh6 37. Qe3+ Kh5 38. Bc4 g5 39.
Qf3+ g4 40. Qf5+ Kh6 41. Qf6+ Kh7 42. Bd3+ Kg8 43. Qe6+ Kf8 44. hxg4 1-0

[Event "10th Open"]
[Site "Dubai UAE"]
[Date "2008.04.06"]
[Round "1"]
[White "Kotsur, P."]
[Black "Suresh, KT."]
[Result "1-0"]
[WhiteElo "2568"]
[BlackElo "2192"]
[PlyCount "85"]
[EventDate "2008.04.07"]

1. e4 c5 2. Nf3 d6 3. d4 cxd4 4. Nxd4 Nf6 5. f3 e5 6. Bb5+ Bd7 7. Bxd7+ Qxd7 8.
Nf5 d5 9. Bg5 dxe4 10. Bxf6 Qxd1+ 11. Kxd1 gxf6 12. fxe4 Nc6 13. Nc3 O-O-O+ 14.
Ke2 Nd4+ 15. Nxd4 exd4 16. Nd1 Rg8 17. g3 h5 18. Nf2 f5 19. Raf1 h4 20. gxh4
fxe4 21. Nxe4 Rg4 22. Kd3 Rxh4 23. Rxf7 Rh3+ 24. Kc4 Re3 25. Nf2 a6 26. Nd3 b5+
27. Kb3 Bd6 28. Ra7 Kb8 29. Rh7 a5 30. a4 Rc8 31. axb5 a4+ 32. Kxa4 Rxc2 33.
Rd1 Rxb2 34. Rd7 Ra2+ 35. Kb3 Ra3+ 36. Kc4 Bxh2 37. b6 Kc8 38. Rxd4 Kb7 39. Kb5
Rb3+ 40. Nb4 Re5+ 41. Ka4 Rc3 42. Rd7+ Kc8 43. b7+ 1-0

[Event "10th Open"]
[Site "Dubai UAE"]
[Date "2008.04.06"]
[Round "1"]
[White "Doostkam, P."]
[Black "Neverov, V."]
[Result "0-1"]
[WhiteElo "2186"]
[BlackElo "2568"]
[PlyCount "45"]
[EventDate "2008.04.07"]

1. c4 e5 2. Nc3 d6 3. Nf3 f5 4. d4 e4 5. Ng1 Nf6 6. Nh3 c6 7. d5 Be7 8. e3 Nbd7
9. Nf4 Ne5 10. h4 Nfg4 11. Be2 Bxh4 12. Bxg4 Nxg4 13. g3 Bf6 14. Ng6 Rg8 15.
Rxh7 Bxc3+ 16. bxc3 c5 17. Nf4 Qa5 18. Qb3 Bd7 19. Bd2 O-O-O 20. Ng6 Rde8 21.
Ke2 Ba4 22. Qb2 Qa6 23. Bc1 0-1

[Event "10th Open"]
[Site "Dubai UAE"]
[Date "2008.04.06"]
[Round "1"]
[White "Saeed, I."]
[Black "Gleizerov, E."]
[Result "1/2-1/2"]
[WhiteElo "2174"]
[BlackElo "2556"]
[PlyCount "76"]
[EventDate "2008.04.07"]

1. d4 e6 2. c4 f5 3. g3 Nf6 4. Bg2 c6 5. Nf3 d5 6. O-O Bd6 7. b3 Qe7 8. Ne5 O-O
9. Bb2 b6 10. cxd5 exd5 11. Nd2 Bb7 12. Rc1 c5 13. Ndf3 Ne4 14. e3 a5 15. Nd3
Na6 16. Re1 Nb4 17. dxc5 bxc5 18. a3 Nxd3 19. Qxd3 a4 20. bxa4 Rxa4 21. Qb5 Ra7
22. Rb1 Ba8 23. Nh4 Qe6 24. Qe2 Bc6 25. Rec1 Rb8 26. Nf3 Bb5 27. Qd1 Ba4 28.
Qe2 Rab7 29. Ne1 c4 30. f3 c3 31. fxe4 cxb2 32. Rc3 dxe4 33. Nc2 Qa2 34. Qe1
Rc7 35. Rxc7 Bxc7 36. Nd4 Be5 37. Nxf5 Bc2 38. Ne7+ Kh8 1/2-1/2

[Event "10th Open"]
[Site "Dubai UAE"]
[Date "2008.04.06"]
[Round "1"]
[White "Gagunashvili, M."]
[Black "Mari Ooriad, P."]
[Result "0-1"]
[WhiteElo "2553"]
[BlackElo "2165"]
[PlyCount "53"]
[EventDate "2008.04.07"]

1. d4 d5 2. c4 c6 3. Nf3 Nf6 4. Nc3 Qb6 5. g3 g6 6. Bg2 Bg7 7. O-O O-O 8. Ne5
Be6 9. Na4 Qd8 10. Nc5 Bc8 11. Qb3 Nfd7 12. Nxb7 Qb6 13. Nxd7 Nxd7 14. cxd5
cxd5 15. Nc5 Nxc5 16. dxc5 Qxc5 17. Bxd5 Bh3 18. Be3 Qa5 19. Bxa8 Bxf1 20. Rxf1
Rxa8 21. Qb7 Re8 22. a3 a6 23. Rc1 Qa4 24. Rc8 Kf8 25. b3 Qg4 26. Rxe8+ Kxe8
27. Qxa6 0-1

[Event "10th Open"]
[Site "Dubai UAE"]
[Date "2008.04.06"]
[Round "1"]
[White "Al Sulaiti, A."]
[Black "So, W."]
[Result "0-1"]
[WhiteElo "1587"]
[BlackElo "2540"]
[PlyCount "46"]
[EventDate "2008.04.07"]

1. e4 c5 2. Nf3 Nc6 3. Bb5 e6 4. Bxc6 bxc6 5. O-O Ne7 6. b3 Ng6 7. Bb2 f6 8. d3
e5 9. Nbd2 d5 10. Ne1 Bd6 11. c4 d4 12. Qh5 O-O 13. g3 f5 14. Nef3 Be7 15. h4
Qe8 16. a3 fxe4 17. dxe4 Bh3 18. Nxe5 Nxe5 19. Qxe5 Qd7 20. Kh2 Rae8 21. f3
Bxf1 22. Rxf1 Bd6 23. Qh5 Re5 0-1

[Event "10th Open"]
[Site "Dubai UAE"]
[Date "2008.04.07"]
[Round "2"]
[White "Moosavian, S."]
[Black "Guseinov, G."]
[Result "1-0"]
[WhiteElo "2404"]
[BlackElo "2625"]
[PlyCount "117"]
[EventDate "2008.04.07"]

1. e4 c5 2. Nc3 Nc6 3. Nf3 g6 4. Bc4 Bg7 5. O-O d6 6. Re1 Nf6 7. e5 dxe5 8.
Nxe5 Nxe5 9. Rxe5 O-O 10. h3 Nd7 11. Re1 Ne5 12. Qe2 Nxc4 13. Qxc4 b6 14. d3 e5
15. f4 Re8 16. Qd5 Qh4 17. Rf1 Bf5 18. Qf3 h5 19. fxe5 Bxe5 20. Bf4 Bd4+ 21.
Kh2 Rad8 22. Rab1 Rd7 23. Ne4 Bxe4 24. dxe4 Qe7 25. c3 Bg7 26. Rbe1 Qe6 27. a3
c4 28. e5 Rd3 29. Qe4 a6 30. Re2 Rd7 31. Kh1 Kh7 32. Rfe1 Rd3 33. Bh2 Kg8 34.
Bg1 Rd7 35. Bd4 Red8 36. Rf1 Re8 37. Rfe1 Rd5 38. Qf3 Red8 39. Rf1 R8d7 40.
Rfe1 b5 41. Re4 a5 42. Qe2 a4 43. Qf2 Re7 44. Bc5 Re8 45. Bd4 Rd7 46. Qe2 Rc7
47. Qf3 Rce7 48. Bc5 Rd7 49. Bd4 Qd5 50. R4e3 Re6 51. Kg1 Re8 52. Kh1 Bh6 53.
e6 fxe6 54. Qf6 Kh7 55. Rxe6 Rg8 56. R1e5 Qb7 57. Rxh5 Rxd4 58. Re7+ Rg7 59.
Qxg7# 1-0

[Event "10th Open"]
[Site "Dubai UAE"]
[Date "2008.04.07"]
[Round "2"]
[White "Mas, H."]
[Black "Pantsulaia, L."]
[Result "0-1"]
[WhiteElo "2396"]
[BlackElo "2617"]
[PlyCount "108"]
[EventDate "2008.04.07"]

1. e4 c5 2. Nc3 a6 3. Nf3 d6 4. d4 cxd4 5. Nxd4 Nf6 6. Be2 e5 7. Nb3 Be7 8. Bg5
O-O 9. Bxf6 Bxf6 10. Qd3 Be6 11. O-O-O Qb6 12. Qxd6 Qxf2 13. Nc5 Be7 14. Qxe7
Nc6 15. Qd6 Rfd8 16. Qc7 Qxc5 17. Rxd8+ Rxd8 18. Rd1 Qe3+ 19. Kb1 Rxd1+ 20.
Bxd1 Qa7 21. a3 h6 22. b3 Kh7 23. Kb2 a5 24. Be2 Qf2 25. Bd3 Qxg2 26. h4 Nd4
27. Qxe5 Nxb3 28. Ne2 Nd2 29. Qd4 Nf3 30. e5+ g6 31. Qe4 Ne1 32. Qxg2 Nxg2 33.
h5 Ne3 34. Nd4 Nf5 35. Kc3 Nxd4 36. Kxd4 b6 37. c4 Kg7 38. hxg6 fxg6 39. c5
bxc5+ 40. Kxc5 g5 41. Kd6 Bb3 42. Be2 Kg6 43. e6 Ba4 44. Bf3 Kf5 45. e7 Be8 46.
Bc6 Bh5 47. e8=Q Bxe8 48. Bxe8 g4 49. Kc5 Ke4 50. Kb5 g3 51. Kxa5 h5 52. Bc6+
Kf4 53. Kb5 h4 54. Bg2 Kg4 0-1

[Event "10th Open"]
[Site "Dubai UAE"]
[Date "2008.04.07"]
[Round "2"]
[White "Ghaem Maghami, E."]
[Black "Antonio, V."]
[Result "1-0"]
[WhiteElo "2604"]
[BlackElo "2127"]
[PlyCount "71"]
[EventDate "2008.04.07"]

1. Nf3 Nf6 2. c4 g6 3. Nc3 d5 4. cxd5 Nxd5 5. Qa4+ Bd7 6. Qb3 Nb6 7. d4 Be6 8.
Qc2 Nc6 9. e4 Nb4 10. Qd1 Bg4 11. a3 Bxf3 12. gxf3 Nc6 13. d5 Nb8 14. Qd4 f6
15. Be3 c6 16. h4 N8d7 17. h5 g5 18. f4 h6 19. e5 fxe5 20. Qe4 Qc7 21. fxg5
hxg5 22. Bg2 cxd5 23. Nxd5 Nxd5 24. Qxd5 Bh6 25. Qxb7 Qxb7 26. Bxb7 Rb8 27. Bc6
e6 28. Rd1 Rh7 29. Rd6 Rxb2 30. O-O Bf8 31. Rxe6+ Kd8 32. Rd1 Kc7 33. Rc1 Kd8
34. Bxg5+ Be7 35. Rxe7 Rxe7 36. h6 1-0

[Event "10th Open"]
[Site "Dubai UAE"]
[Date "2008.04.07"]
[Round "2"]
[White "Durarbeyli, V."]
[Black "Kuzubov, Y."]
[Result "0-1"]
[WhiteElo "2384"]
[BlackElo "2603"]
[PlyCount "78"]
[EventDate "2008.04.07"]

1. e4 c5 2. Nc3 d6 3. d4 cxd4 4. Qxd4 a6 5. Bg5 Nc6 6. Qd2 Nf6 7. O-O-O Qa5 8.
f4 e6 9. Nf3 Be7 10. Bd3 b5 11. Bxf6 gxf6 12. Kb1 Bd7 13. Rhe1 O-O-O 14. Qf2
Kb7 15. Nd5 exd5 16. exd5 Nb4 17. Rxe7 Qxa2+ 18. Kc1 Qa1+ 19. Kd2 Nxd3 20. Qd4
Qxb2 21. Kxd3 Qa3+ 22. c3 Qb3 23. Rde1 Rhf8 24. Nd2 Qa2 25. Ne4 Ka8 26. Nxd6
Qa3 27. Qb6 Qxd6 28. Qxd6 Bf5+ 29. Kd4 Rxd6 30. Re8+ Rd8 31. Rxf8 Rxf8 32. Re7
Rc8 33. d6 Rc4+ 34. Ke3 Rxc3+ 35. Ke2 Bg4+ 36. Kf2 Rd3 37. Rxf7 Rxd6 38. Rxh7
b4 39. h3 Bf5 0-1

[Event "10th Open"]
[Site "Dubai UAE"]
[Date "2008.04.07"]
[Round "2"]
[White "Nasri, A."]
[Black "Drozdovskij, Y."]
[Result "0-1"]
[WhiteElo "2364"]
[BlackElo "2581"]
[PlyCount "105"]
[EventDate "2008.04.07"]

1. d4 Nf6 2. c4 e6 3. Nc3 Bb4 4. Qc2 O-O 5. e4 d5 6. e5 Ne4 7. Bd3 c5 8. cxd5
exd5 9. Nge2 cxd4 10. Nxd4 Nd7 11. f4 Qh4+ 12. g3 Qh3 13. Bf1 Qh6 14. Bg2 Qa6
15. Bd2 Nxd2 16. Qxd2 Nc5 17. Qe2 Qc4 18. O-O-O Bxc3 19. Qxc4 dxc4 20. bxc3
Nd3+ 21. Rxd3 cxd3 22. Rd1 Rd8 23. Be4 g6 24. Rxd3 Be6 25. Rd2 Bd5 26. Bd3 Rac8
27. Kb2 Rc5 28. g4 Bc4 29. Bxc4 Rxc4 30. f5 Rc5 31. Re2 Re8 32. e6 fxe6 33.
fxe6 h5 34. gxh5 Rxh5 35. Kb3 Kg7 36. c4 a6 37. Kc3 Rh3+ 38. Kb4 Rh4 39. Nb3 b6
40. Kc3 Kf6 41. Nd4 Rh3+ 42. Kb2 Rd3 43. Re4 Rd2+ 44. Kb3 Rxh2 45. a4 g5 46. a5
bxa5 47. Re1 Rh4 48. Rf1+ Rf4 49. Rd1 Ke5 50. Kc3 g4 51. c5 g3 52. Rh1 g2 53.
Kb3 0-1

[Event "10th Open"]
[Site "Dubai UAE"]
[Date "2008.04.07"]
[Round "2"]
[White "Li Chao2"]
[Black "Wang Li"]
[Result "1-0"]
[WhiteElo "2582"]
[BlackElo "2407"]
[PlyCount "119"]
[EventDate "2008.04.07"]

1. e4 c5 2. Nf3 e6 3. d4 cxd4 4. Nxd4 a6 5. Bd3 Qb6 6. Nb3 Qc7 7. f4 d6 8. Be3
Nf6 9. N1d2 Nc6 10. Nc4 Nd7 11. a4 d5 12. exd5 exd5 13. Ncd2 Bd6 14. O-O O-O
15. c3 Nf6 16. h3 Re8 17. Qf3 Bd7 18. a5 Rac8 19. Bb6 Qb8 20. Nc5 Ne7 21. Nxd7
Nxd7 22. Bd4 Bc5 23. Nb3 Bxd4+ 24. Nxd4 Nf6 25. Rfe1 Qc7 26. g3 Nc6 27. Nxc6
Qxc6 28. Kg2 Qc5 29. Re5 g6 30. Bc2 Qc7 31. Rae1 Qxa5 32. Bb3 Red8 33. c4 Ne4
34. Qxe4 dxe4 35. Rxa5 Rd2+ 36. Kf1 Rxb2 37. Re3 b5 38. Ra2 Rb1+ 39. Kf2 Rd8
40. c5 a5 41. Bc2 Rh1 42. Bxe4 Rxh3 43. c6 Rc8 44. Rxa5 Rh5 45. Rb3 Rh2+ 46.
Bg2 Rxc6 47. Kg1 Rxg2+ 48. Kxg2 h5 49. Raxb5 Kg7 50. Rb7 Rd6 51. Rc3 Rf6 52.
Kh3 Rf5 53. Rbc7 Rd5 54. R3c5 Rd2 55. Ra7 Rd6 56. Kh4 Rb6 57. f5 Kf6 58. fxg6
fxg6 59. Rc4 Rb5 60. Rc6+ 1-0

[Event "10th Open"]
[Site "Dubai UAE"]
[Date "2008.04.07"]
[Round "2"]
[White "Sharma, Di"]
[Black "Adly, A."]
[Result "0-1"]
[WhiteElo "2357"]
[BlackElo "2578"]
[PlyCount "40"]
[EventDate "2008.04.07"]

1. e4 c5 2. Nf3 d6 3. d4 Nf6 4. Nc3 cxd4 5. Nxd4 a6 6. Bc4 e6 7. Bb3 b5 8. Qf3
Bb7 9. O-O Nbd7 10. Re1 Be7 11. Bxe6 fxe6 12. Nxe6 Ne5 13. Qg3 Qd7 14. Nxg7+
Kf7 15. Nf5 Rag8 16. Qh3 b4 17. Nd5 Nxd5 18. exd5 Bxd5 19. Qh5+ Rg6 20. Ng3 Qg4
0-1

[Event "10th Open"]
[Site "Dubai UAE"]
[Date "2008.04.07"]
[Round "2"]
[White "Hassan, Ab"]
[Black "Kotsur, P."]
[Result "0-1"]
[WhiteElo "2352"]
[BlackElo "2568"]
[PlyCount "70"]
[EventDate "2008.04.07"]

1. d4 g6 2. Nf3 Bg7 3. c4 c5 4. d5 d6 5. Nc3 Nf6 6. h3 O-O 7. e4 e5 8. Be2 Ne8
9. O-O f5 10. Ng5 Qe7 11. Bf3 h6 12. Ne6 Bxe6 13. dxe6 Nc6 14. exf5 gxf5 15.
Nd5 Qxe6 16. Nb6 e4 17. Nxa8 exf3 18. Qxf3 Qxc4 19. Qb3 Qf7 20. Qxf7+ Kxf7 21.
Re1 Nd4 22. Rb1 Nf6 23. b4 Rxa8 24. bxc5 dxc5 25. Rxb7+ Kg6 26. Bf4 Ne4 27. f3
Ng5 28. Bxg5 hxg5 29. Ree7 Bf6 30. Rxa7 Rxa7 31. Rxa7 c4 32. Kf1 c3 33. Rc7 c2
34. f4 gxf4 35. a4 Bd8 0-1

[Event "10th Open"]
[Site "Dubai UAE"]
[Date "2008.04.07"]
[Round "2"]
[White "Neverov, V."]
[Black "Zhang Jilin"]
[Result "1-0"]
[WhiteElo "2568"]
[BlackElo "2361"]
[PlyCount "73"]
[EventDate "2008.04.07"]

1. d4 Nf6 2. c4 g6 3. Nc3 d5 4. Nf3 Bg7 5. Bg5 Ne4 6. Bh4 Nxc3 7. bxc3 O-O 8.
cxd5 Qxd5 9. Bxe7 Re8 10. Bh4 c5 11. e3 Nc6 12. Be2 b5 13. O-O b4 14. c4 Qe4
15. d5 Bxa1 16. Qxa1 Ne5 17. Bf6 Nd7 18. Bb2 a5 19. Rd1 a4 20. Bd3 Qe7 21. Qc1
f6 22. e4 Bb7 23. Re1 Qf7 24. Nd2 Ne5 25. Be2 Nd7 26. f4 Re7 27. Bd3 a3 28. Ba1
Rae8 29. Nf3 Qg7 30. h3 Bc8 31. Qe3 h6 32. e5 g5 33. e6 gxf4 34. Qxf4 Nb6 35.
Nh4 Bxe6 36. Re3 Kf8 37. Bxf6 1-0

[Event "10th Open"]
[Site "Dubai UAE"]
[Date "2008.04.07"]
[Round "2"]
[White "Bajarani, I."]
[Black "Zhou Weiqi"]
[Result "0-1"]
[WhiteElo "2345"]
[BlackElo "2560"]
[PlyCount "74"]
[EventDate "2008.04.07"]

1. d4 e6 2. g3 d5 3. Bg2 Nf6 4. Nf3 b5 5. O-O Nbd7 6. a4 b4 7. c4 bxc3 8. Nxc3
Be7 9. Bf4 Nh5 10. Bd2 Bb7 11. a5 Rb8 12. Qc2 O-O 13. Na4 Ba6 14. Ne5 Nxe5 15.
dxe5 g6 16. Be3 Bc4 17. Bxa7 Ra8 18. Bd4 Rxa5 19. b3 Bb5 20. Rfc1 Ra6 21. Qxc7
Bxe2 22. Qb7 Ra8 23. Ba7 Bg5 24. Re1 Qa5 25. Nb6 Qb5 26. h4 Bh6 27. Ra2 Bd3 28.
Rea1 Rad8 29. Bf3 Qxb3 30. Ra3 Qb2 31. Qc7 Bb5 32. R3a2 Qb3 33. Bd1 Qb4 34. Bc2
Qg4 35. Bd1 Qb4 36. Ra3 Qe1+ 37. Kg2 Bf1+ 0-1

[Event "10th Open"]
[Site "Dubai UAE"]
[Date "2008.04.07"]
[Round "2"]
[White "Gleizerov, E."]
[Black "Nedochetov, M."]
[Result "1/2-1/2"]
[WhiteElo "2556"]
[BlackElo "2355"]
[PlyCount "42"]
[EventDate "2008.04.07"]

1. d4 d5 2. c4 c6 3. Nf3 Nf6 4. Nc3 dxc4 5. a4 Bf5 6. e3 e6 7. Bxc4 Bb4 8. Ne5
Nbd7 9. Nxd7 Nxd7 10. O-O O-O 11. e4 Bg6 12. f3 e5 13. Be3 exd4 14. Bxd4 Qa5
15. Qe2 Kh8 16. Kh1 Rad8 17. f4 f6 18. e5 Nxe5 19. Bxe5 fxe5 20. fxe5 Be7 21.
e6 Qc5 1/2-1/2

[Event "10th Open"]
[Site "Dubai UAE"]
[Date "2008.04.07"]
[Round "2"]
[White "So, W."]
[Black "Wu Xibin"]
[Result "1-0"]
[WhiteElo "2540"]
[BlackElo "2351"]
[PlyCount "107"]
[EventDate "2008.04.07"]

1. e4 c5 2. Nf3 d6 3. d4 cxd4 4. Nxd4 Nf6 5. Nc3 a6 6. Bg5 e6 7. f4 Qb6 8. Qd2
Qxb2 9. Rb1 Qa3 10. e5 h6 11. Bh4 dxe5 12. fxe5 Nfd7 13. Ne4 Qxa2 14. Rd1 Qd5
15. Qe3 Qxe5 16. Be2 Bc5 17. Bg3 Bxd4 18. Rxd4 Qa5+ 19. Rd2 O-O 20. Bd6 Nc6 21.
O-O Nce5 22. Bxf8 Nxf8 23. Nd6 Bd7 24. Nxb7 Qb4 25. Nc5 Bb5 26. c3 Ng4 27. cxb4
Nxe3 28. Ra1 Rb8 29. Nxa6 Bxa6 30. Rxa6 Nd5 31. b5 Nd7 32. Ra7 N7b6 33. Rc2 g6
34. Bf3 Kg7 35. g3 h5 36. Bg2 Nc8 37. Rd7 Ncb6 38. Ra7 Nc8 39. Ra5 Nd6 40. Bf1
Rb7 41. Rb2 Nc8 42. Bg2 Ncb6 43. Ra6 Rc7 44. Bxd5 Nxd5 45. Kf2 Rb7 46. Rc6 Kf6
47. Ke2 Nc7 48. b6 Nd5 49. Kd3 Ke7 50. Kd4 Kd7 51. Kc5 Nc3 52. Rd2+ Ke8 53.
Rc8+ Ke7 54. Kc6 1-0

[Event "10th Open"]
[Site "Dubai UAE"]
[Date "2008.04.07"]
[Round "2"]
[White "El Arousy, A."]
[Black "Ibrahimov, R."]
[Result "0-1"]
[WhiteElo "2298"]
[BlackElo "2535"]
[PlyCount "72"]
[EventDate "2008.04.07"]

1. e4 c5 2. Nf3 d6 3. d4 cxd4 4. Nxd4 Nf6 5. Nc3 a6 6. Be3 e5 7. Nf3 Qc7 8. a4
Be7 9. a5 O-O 10. Be2 Nbd7 11. Nd2 b5 12. axb6 Nxb6 13. O-O Bb7 14. Bxb6 Qxb6
15. Nc4 Qc7 16. f3 Rad8 17. Qc1 d5 18. exd5 Nxd5 19. Nxd5 Rxd5 20. Kh1 Rd4 21.
b3 Rh4 22. g3 Rh6 23. Qe1 Bc5 24. Bd3 Re8 25. Be4 Bc8 26. Qa5 Qe7 27. Qd2 Rd8
28. Qe2 f5 29. Bd3 e4 30. fxe4 fxe4 31. Bxe4 Re6 32. Rf4 Rxe4 33. Rxe4 Bb7 34.
Re1 Rd4 35. Nd2 Rxd2 36. Qc4+ Qf7 0-1

[Event "10th Open"]
[Site "Dubai UAE"]
[Date "2008.04.08"]
[Round "3"]
[White "Ibrahimov, R."]
[Black "Gelashvili, T."]
[Result "1/2-1/2"]
[WhiteElo "2535"]
[BlackElo "2622"]
[PlyCount "27"]
[EventDate "2008.04.07"]

1. Nf3 Nf6 2. c4 e6 3. g3 a6 4. Bg2 b5 5. d4 bxc4 6. Qa4 Bb7 7. O-O c5 8. dxc5
Bxc5 9. Qxc4 Qe7 10. Bg5 d5 11. Qb3 h6 12. Bxf6 gxf6 13. Nc3 O-O 14. Rad1
1/2-1/2

[Event "10th Open"]
[Site "Dubai UAE"]
[Date "2008.04.08"]
[Round "3"]
[White "Kuzubov, Y."]
[Black "Ibrayev, N."]
[Result "1/2-1/2"]
[WhiteElo "2603"]
[BlackElo "2507"]
[PlyCount "96"]
[EventDate "2008.04.07"]

1. d4 Nf6 2. c4 e6 3. Nc3 Bb4 4. f3 O-O 5. a3 Bxc3+ 6. bxc3 Ne8 7. e4 b6 8. Bd3
Nc6 9. Nh3 Ba6 10. O-O Na5 11. Qe2 c5 12. d5 f6 13. dxe6 dxe6 14. e5 f5 15. Rd1
Qe7 16. Bg5 Qf7 17. f4 Rc8 18. Qf1 h6 19. Bh4 Rc7 20. Nf2 g5 21. Bg3 Rd7 22.
Bc2 Ng7 23. fxg5 hxg5 24. Nh3 Rxd1 25. Rxd1 Qe7 26. Bd3 Rd8 27. Nf2 Rd7 28. h3
Qd8 29. Re1 Nh5 30. Bh2 Nf4 31. Bxf4 gxf4 32. Be2 Rd2 33. Nd3 Bxc4 34. Nxf4
Bxe2 35. Rxe2 Rd1 36. Re1 Rxe1 37. Qxe1 Kf7 38. Qe3 Qg8 39. Qf3 Qg7 40. h4 Qg4
41. Qf2 Nc4 42. g3 Nxe5 43. Qe3 Qd1+ 44. Kg2 Qc2+ 45. Kf1 Qd1+ 46. Kg2 Qc2+ 47.
Kf1 Qd1+ 48. Kg2 Qc2+ 1/2-1/2

[Event "10th Open"]
[Site "Dubai UAE"]
[Date "2008.04.08"]
[Round "3"]
[White "Drozdovskij, Y."]
[Black "Ismagambetov, An"]
[Result "1-0"]
[WhiteElo "2581"]
[BlackElo "2492"]
[PlyCount "95"]
[EventDate "2008.04.07"]

1. d4 Nf6 2. c4 e6 3. g3 d5 4. Nf3 dxc4 5. Bg2 c5 6. O-O Nc6 7. Qa4 Bd7 8. Qxc4
b5 9. Qd3 Rc8 10. dxc5 Bxc5 11. Nc3 O-O 12. Bg5 Nb4 13. Bxf6 gxf6 14. Qe4 Bc6
15. Qf4 Nd5 16. Nxd5 Bxd5 17. Rad1 Qe7 18. Rxd5 exd5 19. Bh3 f5 20. Bxf5 Rc7
21. Ng5 h6 22. Nh7 Rd8 23. Nf6+ Qxf6 24. Qxc7 Qd6 25. Qxd6 Bxd6 26. Rc1 Be5 27.
b3 Rd6 28. Bd3 b4 29. Rc5 Rd7 30. Bb5 Rd6 31. e4 Bd4 32. Rxd5 Rxd5 33. exd5 Bc5
34. Kg2 Kf8 35. f4 Ke7 36. Bd3 Kd6 37. Kf3 Bg1 38. h3 f6 39. Ke4 Bh2 40. g4 Bg3
41. Bf1 Be1 42. Bg2 Bd2 43. Kf5 Ke7 44. h4 Be1 45. g5 hxg5 46. h5 Bd2 47. d6+
Kxd6 48. h6 1-0

[Event "10th Open"]
[Site "Dubai UAE"]
[Date "2008.04.08"]
[Round "3"]
[White "Laxman, R."]
[Black "Li Chao2"]
[Result "1/2-1/2"]
[WhiteElo "2488"]
[BlackElo "2582"]
[PlyCount "130"]
[EventDate "2008.04.07"]

1. Nf3 Nf6 2. c4 g6 3. Nc3 Bg7 4. d4 d5 5. cxd5 Nxd5 6. e4 Nxc3 7. bxc3 c5 8.
Rb1 O-O 9. Be2 Nc6 10. d5 Ne5 11. Nxe5 Bxe5 12. Qd2 e6 13. f4 Bc7 14. Bc4 b5
15. Rxb5 e5 16. O-O exf4 17. Rb2 g5 18. Qd3 Be5 19. Kh1 Qd6 20. g3 Bh3 21. Rff2
fxg3 22. hxg3 h6 23. Bf4 f5 24. Bxe5 Qxe5 25. d6+ Kh8 26. Qd5 Qxe4+ 27. Kh2 Bg4
28. d7 Qxd5 29. Bxd5 Rad8 30. Rb7 f4 31. Bc6 a6 32. gxf4 gxf4 33. Rd2 Rf6 34.
Rc7 Kg7 35. Bb7 a5 36. Rg2 Rg6 37. Rxc5 h5 38. Be4 f3 39. Bxg6 fxg2 40. Bxh5
Bxd7 41. Kxg2 Be6 42. a4 Rd2+ 43. Kf3 Kf6 44. Ke3 Ra2 45. Rxa5 Bd7 46. Bd1 Ke7
47. Kd3 Kd6 48. c4 Kc6 49. c5 Bf5+ 50. Kc3 Rf2 51. Bh5 Bd7 52. Kd4 Rf4+ 53. Ke3
Rc4 54. Bf3+ Kc7 55. Ra7+ Kc8 56. Ra8+ Kc7 57. Ra7+ Kc8 58. a5 Rc3+ 59. Kf4
Rxc5 60. a6 Bc6 61. Bg4+ Kb8 62. Rg7 Ra5 63. Be2 Ra4+ 64. Kf5 Bd5 65. Bd3 Bc4
1/2-1/2